| 000 | 00758cam a22002651 4500 | ||
|---|---|---|---|
| 001 | sa 63004852 | ||
| 003 | DLC | ||
| 005 | 20260227111951.0 | ||
| 008 | 890426r1963uuuuii ac 000 0 beno | ||
| 010 | _asa 63004852 | ||
| 035 | _a(OCoLC)19609316 | ||
| 040 |
_aDLC _cWaU _dDLC |
||
| 042 | _apremarc | ||
| 043 |
_aa-ir--- _aa-iq--- |
||
| 050 | 0 | 0 |
_aDS258 _b.C4 |
| 100 | 1 | _aChatterji, Kedar Nath. | |
| 245 | 1 | 0 | _aRabīndranāthera saṅge Pārasya o Irāka bhramaṇa. |
| 260 | _c[1963] | ||
| 300 |
_a13, 206 p. _billus., port. _c23 cm. |
||
| 500 | _aIn Bengali. | ||
| 500 | _aOriginally published in Prabāsī. | ||
| 600 | 1 | 0 |
_aTagore, Rabindranath, _d1861-1941. |
| 651 | 0 |
_aIran _xDescription and travel. |
|
| 651 | 0 |
_aIraq _xDescription and travel. |
|
| 999 |
_c55879 _d55879 |
||